[Event "SR 3. liga A2 2009/2010"]
[Site "?"]
[Date "2009.10.24"]
[Round "2.5"]
[White "Gono, Michal"]
[Black "Arpa, Zoltan"]
[Result "1/2-1/2"]
[WhiteElo "1852"]
[BlackElo "1847"]
[PlyCount "90"]
[EventDate "2009.??.??"]

1. d4 e6 2. c4 d5 3. Nc3 Nf6 4. Bg5 Be7 5. e3 O-O 6. Nf3 c6 7. a3 dxc4 8. Bxc4
Nd5 9. Bxe7 Qxe7 10. Rc1 Nd7 11. Ne4 N7f6 12. Ng3 b5 13. Bxd5 cxd5 14. O-O b4
15. Qa4 bxa3 16. bxa3 a5 17. Ne5 Bd7 18. Nxd7 Qxd7 19. Qxd7 Nxd7 20. Rc6 Rfc8
21. Rfc1 Nb6 22. Rxc8+ Rxc8 23. Rxc8+ Nxc8 24. Ne2 Nd6 25. Nc3 Nc4 26. a4 Nb6
27. Kf1 Kf8 28. Ke2 Ke7 29. Kd3 f6 30. f3 f5 31. e4 f4 32. exd5 exd5 33. g3
fxg3 34. hxg3 h5 35. f4 Kf6 36. Ke3 Kf5 37. Kf3 g6 38. Nb5 Nxa4 39. Nd6+ Kf6
40. Nb7 Nc3 41. Nxa5 Nb5 42. Nc6 Ke6 43. Ke3 Nd6 44. Kf3 Nf5 45. g4 hxg4+ $11
1/2-1/2

[Event "SR 3. liga A2 2009/2010"]
[Site "?"]
[Date "2009.10.24"]
[Round "2.6"]
[White "Kalmar, Tamas"]
[Black "Manak, Adrian"]
[Result "1-0"]
[WhiteElo "1714"]
[BlackElo "1815"]
[PlyCount "117"]
[EventDate "2009.??.??"]

1. d4 d5 2. c4 c6 3. Nc3 e5 4. cxd5 cxd5 5. dxe5 d4 6. Ne4 Qa5+ 7. Bd2 Qxe5 8.
Ng3 Nc6 9. Nf3 Qd6 10. a3 Nf6 11. e3 Bg4 12. Bb5 dxe3 13. Bxe3 Nd5 14. O-O Be7
15. Re1 O-O 16. h3 Be6 17. Rc1 Nxe3 18. Rxe3 Qxd1+ 19. Rxd1 Bf6 20. b4 Rfd8 21.
Red3 a5 22. bxa5 Nxa5 23. a4 Nb3 24. Ne4 Be7 25. Neg5 Bf5 26. Rxd8+ Rxd8 27.
Rxd8+ Bxd8 28. Bc4 Na5 29. Bxf7+ Kf8 30. Bd5 Bc2 31. Ne6+ Ke7 32. Nxg7 Bxa4 33.
Nf5+ Kf6 34. Ne3 Bb6 35. Ng4+ Kg7 36. Nfe5 Bd4 37. Nf3 Bc5 38. Be4 b5 39. Ng5
Bb3 40. Nxh7 b4 41. Ng5 Be7 42. f4 Bxg5 43. fxg5 Nc4 44. h4 Bd1 45. Nf6 Nd2 46.
Bd3 b3 47. h5 Bc2 48. h6+ Kf7 49. Ng4 Kf8 50. g6 Bxd3 51. g7+ Kf7 52. Ne5+ Kg8
53. Nxd3 Nc4 54. Kf2 b2 55. Nxb2 Nxb2 56. Ke3 Nd1+ 57. Ke4 Nf2+ 58. Kf5 Nd1 59.
Kg6 1-0

[Event "SR 3. liga A2 2009/2010"]
[Site "?"]
[Date "2009.10.24"]
[Round "2.7"]
[White "Sedlak, Rastislav"]
[Black "Bernath, Mikulas"]
[Result "1/2-1/2"]
[WhiteElo "1562"]
[BlackElo "1895"]
[PlyCount "93"]
[EventDate "2009.??.??"]

1. e4 c5 2. Nf3 Nc6 3. d4 cxd4 4. Nxd4 a6 5. Nc3 e6 6. Bc4 Bb4 7. O-O Bxc3 8.
bxc3 Nge7 9. Re1 O-O 10. Ba3 Re8 11. Bd6 Ng6 12. a4 Qg5 13. Nf3 Qf6 14. e5 Qd8
15. Bd3 f5 16. Qd2 Qa5 17. c4 Qxd2 18. Nxd2 Nd8 19. c5 Nf7 20. Rab1 Nf4 21. g3
Ng6 22. f4 Kh8 23. c4 Rg8 24. Nb3 Nd8 25. Na5 Nf8 26. Be2 h6 27. Bf3 Ra7 28.
Bb8 Ra8 29. Bc7 Nc6 30. Nxb7 Ra7 31. Bxc6 dxc6 32. Bd6 Rxb7 33. Rxb7 Bxb7 34.
Rb1 Ba8 35. Rb6 Nh7 36. Rxa6 g5 37. Kf2 gxf4 38. gxf4 Re8 39. Rb6 Nf8 40. a5
Kh7 41. a6 Kg6 42. a7 Nd7 43. Rb8 Nxb8 44. axb8=Q Rxb8 45. Bxb8 Bb7 46. Bd6 Ba6
47. h4 1/2-1/2

[Event "SR 3. liga A2 2009/2010"]
[Site "?"]
[Date "2009.10.24"]
[Round "2.8"]
[White "Pinter, Marek"]
[Black "Nemsak, Denis"]
[Result "0-1"]
[WhiteElo "1522"]
[BlackElo "1645"]
[PlyCount "72"]
[EventDate "2009.??.??"]

1. e4 d5 2. exd5 Nf6 3. Nc3 Nxd5 4. Nxd5 Qxd5 5. Nf3 Bg4 6. Be2 Nc6 7. h3 Bh5
8. c3 O-O-O 9. Qb3 Qe4 10. Qd1 Ne5 11. Nxe5 Qxe5 12. d4 Qe4 13. Kf1 Bg6 14. Bf3
Qd3+ 15. Qxd3 Bxd3+ 16. Ke1 g6 17. Bf4 Bg7 18. Kd2 $11 Bc4 19. Rhe1 Rhe8 20.
Be5 f6 21. Bg3 e5 22. Kc2 exd4 23. Rxe8 Rxe8 24. cxd4 f5 25. Kc3 Bb5 26. b4 Ba4
27. a3 g5 28. Bh5 Re4 29. Be5 Rxe5 30. dxe5 Bxe5+ 31. Kc4 Bxa1 32. b5 c6 33.
bxc6 Bxc6 34. g3 Bb2 35. Kb3 Bd4 36. f3 Bf2 0-1

[Event "SR 3. liga A2 2009/2010"]
[Site "?"]
[Date "2009.10.24"]
[Round "2.1"]
[White "Pagac, Robert"]
[Black "Lesny, Stefan"]
[Result "0-1"]
[WhiteElo "1830"]
[BlackElo "2086"]
[PlyCount "36"]
[EventDate "2009.??.??"]

1. e4 e5 2. Nf3 Nc6 3. Bc4 Nf6 4. d3 Be7 5. Nc3 d6 6. h3 O-O 7. Be3 Na5 8. Bb3
c5 9. Bd5 Bd7 10. O-O Nc6 11. a3 Nd4 12. Nh2 Nxd5 13. Nxd5 f5 14. c3 Ne6 15.
exf5 Rxf5 16. f4 exf4 17. Bxf4 Rxd5 18. Re1 Nxf4 0-1

[Event "SR 3. liga A2 2009/2010"]
[Site "?"]
[Date "2009.10.24"]
[Round "2.2"]
[White "Merva, Frantisek"]
[Black "Brisudova, Veronika"]
[Result "1-0"]
[WhiteElo "2053"]
[BlackElo "1737"]
[PlyCount "109"]
[EventDate "2009.??.??"]

1. d4 Nf6 2. c4 e6 3. Nf3 Bb4+ 4. Bd2 Bxd2+ 5. Nbxd2 d5 6. Qc2 O-O 7. e4 dxe4
8. Nxe4 Nxe4 9. Qxe4 Nc6 10. O-O-O f5 11. Qe3 Qf6 12. h4 a5 13. Qf4 Rf7 14. g3
Bd7 15. Bg2 Be8 16. Rhe1 Re7 17. Ne5 Nd8 18. Re3 c6 19. Rde1 Rc8 20. c5 Rb8 21.
Nc4 Rc8 22. Nd6 Ra8 23. Nxf5 Rf7 24. Nd6 Qxf4 25. gxf4 Rxf4 26. Nxe8 Rxd4 27.
Nc7 Rc8 28. Nxe6 Nxe6 29. Rxe6 Rc4+ 30. Kb1 Rxc5 31. Re8+ Rxe8 32. Rxe8+ Kf7
33. Re3 Rc4 34. Re4 Rc5 35. Bh3 h6 36. Bd7 Rb5 37. h5 Kf6 38. Be8 Rg5 39. Bg6
Rg1+ 40. Kc2 Rf1 41. Rf4+ Ke5 42. Rf7 b5 43. Kd2 c5 44. Bd3 Rh1 45. f4+ Ke6 46.
Rf5 Rh2+ 47. Kc3 b4+ 48. Kb3 Rh3 49. Re5+ Kd6 50. Kc4 Rf3 51. Rd5+ Ke6 52. f5+
Kf6 53. Rd6+ Ke5 54. Re6+ Kf4 55. f6 1-0

[Event "SR 3. liga A2 2009/2010"]
[Site "?"]
[Date "2009.10.24"]
[Round "2.3"]
[White "Harasta, Juraj"]
[Black "Takacs, Laszlo"]
[Result "0-1"]
[WhiteElo "1688"]
[BlackElo "1838"]
[PlyCount "42"]
[EventDate "2009.??.??"]

1. e4 c5 2. Nf3 e6 3. d4 cxd4 4. Nxd4 Nf6 5. Bd3 Nc6 6. Be3 d5 7. Nd2 Ne5 8.
Bb5+ Bd7 9. f3 dxe4 10. Nxe4 Nxe4 11. fxe4 Qh4+ 12. g3 Qxe4 13. Bxd7+ Kxd7 14.
Ke2 Ke8 15. Rf1 Ng4 16. Qd2 Bc5 17. b4 Bb6 18. c4 Nxe3 19. Rf4 Qe5 20. Qxe3
Qxe3+ 21. Kxe3 e5 0-1

[Event "SR 3. liga A2 2009/2010"]
[Site "?"]
[Date "2009.10.24"]
[Round "2.4"]
[White "Feher, Tibor"]
[Black "Berger, Patrik"]
[Result "1/2-1/2"]
[WhiteElo "1782"]
[BlackElo "1627"]
[PlyCount "85"]
[EventDate "2009.??.??"]

1. e4 c5 2. Nf3 d6 3. d4 cxd4 4. Nxd4 Nf6 5. Nc3 g6 6. Be3 Bg7 7. f3 Nc6 8. Qd2
Nxd4 9. Bxd4 Be6 10. O-O-O O-O 11. h4 Rc8 12. g4 Qa5 13. g5 Nh5 14. Bxg7 Kxg7
15. Nd5 Qxd2+ 16. Rxd2 Bxd5 17. exd5 Rc5 18. Rhh2 Nf4 19. c4 b5 20. Rd4 e5 21.
dxe6 Nxe6 22. Rxd6 bxc4 23. Rc2 Rfc8 24. Rc3 R8c7 25. Kd2 h6 26. Bh3 hxg5 27.
Bxe6 fxe6 28. hxg5 Kf7 29. Rd4 $11 Rxg5 30. Rcxc4 Rg2+ 31. Kc3 Rb7 32. Rb4 Rxb4
33. Rxb4 Rf2 34. Rb7+ Kf6 35. Rxa7 Rxf3+ 36. Kd4 g5 37. Ra8 e5+ 38. Ke4 Rf4+
39. Ke3 Kf5 40. Rf8+ Kg4 41. Re8 Kf5 42. Rf8+ Kg4 43. Re8 $11 1/2-1/2

[Event "SR 3. liga A2 2009/2010"]
[Site "?"]
[Date "2009.10.24"]
[Round "2.5"]
[White "Leska, Marian"]
[Black "Kahancova, Jana"]
[Result "1-0"]
[WhiteElo "1668"]
[BlackElo "1575"]
[PlyCount "91"]
[EventDate "2009.??.??"]

1. d4 e6 2. c4 d5 3. e3 Nf6 4. Nc3 Be7 5. Nf3 b6 6. Be2 dxc4 7. Bxc4 Bb7 8. O-O
O-O 9. Be2 Nbd7 10. b3 c5 11. dxc5 Nxc5 12. Bb2 Qc7 13. Rc1 Rad8 14. Qc2 Qb8
15. Rfd1 Nfe4 16. b4 Nxc3 17. Bxc3 Ne4 18. Be5 Bd6 19. Bxd6 Nxd6 20. Qc7 Qxc7
21. Rxc7 Bxf3 22. Bxf3 Nb5 23. Rcd7 Rxd7 24. Rxd7 Rc8 25. g3 Rc1+ 26. Kg2 g6
27. a4 Nc7 28. b5 a5 29. Bc6 Nd5 30. Bxd5 exd5 31. Rxd5 Rc4 32. Rd4 Rxd4 33.
exd4 Kf8 34. Kf3 Ke7 35. Ke4 Kd6 36. g4 f6 37. h4 h6 38. h5 g5 39. Kf5 Kd5 40.
Kxf6 Kxd4 41. Kg6 Kc4 42. Kxh6 Kb4 43. Kxg5 Kxa4 44. h6 Kb3 45. h7 a4 46. h8=Q
1-0

[Event "SR 3. liga A2 2009/2010"]
[Site "?"]
[Date "2009.10.24"]
[Round "2.6"]
[White "Matus, David"]
[Black "Bartos, Bohumil"]
[Result "1/2-1/2"]
[WhiteElo "1530"]
[BlackElo "1572"]
[PlyCount "28"]
[EventDate "2009.??.??"]

1. e4 e5 2. Nf3 Nc6 3. Bb5 a6 4. Bxc6 dxc6 5. Nc3 Bd6 6. O-O Be6 7. d4 f6 8.
dxe5 Bxe5 9. Nxe5 Qxd1 10. Rxd1 fxe5 11. Bg5 Nf6 12. Rd3 Bc4 13. Rf3 Rf8 14. b3
Be6 $11 1/2-1/2

[Event "SR 3. liga A2 2009/2010"]
[Site "?"]
[Date "2009.10.24"]
[Round "2.7"]
[White "Baumgartner, Milan"]
[Black "Kahanec, Jan"]
[Result "0-1"]
[WhiteElo "1607"]
[BlackElo "1530"]
[PlyCount "81"]
[EventDate "2009.??.??"]

1. c4 e6 2. Nc3 Nf6 3. e4 Bb4 4. a3 Bxc3 5. bxc3 Nxe4 6. Qc2 Nf6 7. d4 h6 8.
Bd3 d6 9. Ne2 c6 10. Bf4 Qe7 11. a4 e5 12. Bg3 e4 13. O-O exd3 14. Qxd3 O-O 15.
Rae1 Qd8 16. Nf4 d5 17. Re3 Ne4 18. Rfe1 Bf5 19. Qe2 Nd7 20. cxd5 Nxg3 21. Rxg3
Nf6 22. Qf3 cxd5 23. Nh5 Nxh5 24. Qxh5 Bg6 25. Qf3 Re8 26. Re5 Qd6 27. Qe3 Rxe5
28. dxe5 Qe6 29. h4 b6 30. f4 Rc8 31. Qf2 Rc4 32. Rf3 Bh5 33. Re3 Bg6 34. Qe2
h5 35. g3 Rxa4 36. f5 Qxf5 37. e6 fxe6 38. Rf3 Qb1+ 39. Rf1 Qd3 40. Qxe6+ Kh7
41. Kh2 0-1

[Event "SR 3. liga A2 2009/2010"]
[Site "?"]
[Date "2009.10.24"]
[Round "2.8"]
[White "Barta, Tibor Zalan"]
[Black "Davidik, Miroslav"]
[Result "0-1"]
[WhiteElo "1000"]
[BlackElo "1515"]
[PlyCount "64"]
[EventDate "2009.??.??"]

1. e4 c5 2. Nf3 e6 3. d4 cxd4 4. Nxd4 Nc6 5. Be3 Bb4+ 6. c3 Be7 7. Bc4 a6 8. a4
Bf6 9. O-O Nge7 10. f4 Nxd4 11. cxd4 g6 12. Qg4 Qb6 13. Rf2 Bxd4 14. Bxd4 Qxd4
15. Qe2 O-O 16. Nc3 Qc5 17. e5 d5 18. Bb3 Qb6 19. Ba2 Bd7 20. h4 f6 21. h5 fxe5
22. Qxe5 Rf5 23. Qe2 Rxf4 24. hxg6 Nxg6 25. Raf1 Rxf2 26. Rxf2 Rf8 27. Nd1 Bxa4
28. Ne3 Bb5 29. Qd2 Rxf2 30. Kxf2 Ne5 31. Ke1 Ng4 32. Nxd5 Qg1# 0-1

[Event "SR 3. liga A2 2009/2010"]
[Site "?"]
[Date "2009.10.24"]
[Round "2.1"]
[White "Pagerka, Martin"]
[Black "Pribila, Gerhard"]
[Result "1-0"]
[WhiteElo "2097"]
[BlackElo "2018"]
[PlyCount "62"]
[EventDate "2009.??.??"]

1. d4 Nf6 2. Nf3 c5 3. d5 e6 4. Nc3 d6 5. e4 exd5 6. exd5 Be7 7. h3 O-O 8. Bd3
b6 9. O-O Na6 10. Re1 Nb4 11. Be4 Nxe4 12. Nxe4 Re8 13. a3 Na6 14. c4 Bf5 15.
Bf4 Nc7 16. Nfd2 Qd7 17. Qf3 Bg6 18. Qg3 Rad8 19. b4 f5 20. Nc3 Bf6 21. bxc5
bxc5 22. Rab1 Be5 23. Bxe5 dxe5 24. f4 e4 25. Rb7 Rb8 26. Rxa7 Qd6 27. Qe3 Qb6
28. Ra4 Qb2 29. Ra5 Ra8 30. Rxc5 Rxa3 31. Ndb1 Qb6 1-0

[Event "SR 3. liga A2 2009/2010"]
[Site "?"]
[Date "2009.10.24"]
[Round "2.2"]
[White "Pribila, Michal"]
[Black "Hecko, Dusan"]
[Result "1/2-1/2"]
[WhiteElo "2093"]
[BlackElo "2115"]
[PlyCount "54"]
[EventDate "2009.??.??"]

1. e4 e5 2. Nf3 Nc6 3. d4 exd4 4. Nxd4 Nf6 5. Nxc6 bxc6 6. e5 Nd5 7. c4 Bb4+ 8.
Bd2 Bxd2+ 9. Qxd2 Ne7 10. Bd3 d6 11. exd6 cxd6 12. O-O O-O 13. Nc3 d5 14. cxd5
cxd5 15. Rfd1 Be6 16. Ne2 Qb6 17. Nf4 Rad8 18. Re1 Rd6 19. Re3 d4 20. Re5 Nd5
21. Nh5 Qd8 22. Rg5 g6 23. Rg3 Nf6 24. Nf4 Qd7 25. h4 Bf5 26. Re1 Bxd3 27. Qxd3
Re8 $11 1/2-1/2

[Event "SR 3. liga A2 2009/2010"]
[Site "?"]
[Date "2009.10.24"]
[Round "2.3"]
[White "Diviak, Rastislav"]
[Black "Kocak, Branislav"]
[Result "0-1"]
[WhiteElo "2043"]
[BlackElo "1934"]
[PlyCount "80"]
[EventDate "2009.??.??"]

1. e4 c5 2. Nf3 d6 3. d4 cxd4 4. Nxd4 Nf6 5. Nc3 a6 6. Be2 e5 7. Nb3 Be6 8. O-O
Be7 9. Be3 Nbd7 10. f4 exf4 11. Bxf4 Ne5 12. Qe1 O-O 13. Rd1 Qc7 14. Nd4 Bc4
15. Nf5 Rfe8 16. Qg3 Bf8 17. Bxc4 Qxc4 18. Bxe5 Rxe5 19. Nh6+ Kh8 20. Rxf6 gxh6
21. Rdf1 Rg5 22. Qf3 Bg7 23. Rxf7 Rg8 24. g3 b5 25. Nd5 Be5 26. Rf8 Rxf8 27.
Qxf8+ Rg8 28. Qf5 Qxc2 29. Nf6 Rg7 30. Rf2 Bd4 31. Nh5 Qxf2+ 32. Qxf2 Bxf2+ 33.
Kxf2 Rc7 34. Ke3 Kg8 35. Kd3 Kf7 36. Nf4 Rc1 37. h4 Rg1 38. Ne2 Ra1 39. a3 Ke7
40. Kc2 Rf1 0-1

[Event "SR 3. liga A2 2009/2010"]
[Site "?"]
[Date "2009.10.24"]
[Round "2.4"]
[White "Valla, Tomas"]
[Black "Cajka, Tibor"]
[Result "0-1"]
[WhiteElo "1780"]
[BlackElo "1932"]
[PlyCount "92"]
[EventDate "2009.??.??"]

1. e4 c5 2. c3 d5 3. exd5 Qxd5 4. d4 Nf6 5. Nf3 Bg4 6. dxc5 Qxd1+ 7. Kxd1 e5 8.
b4 e4 9. h3 exf3 10. hxg4 Nxg4 11. Ke1 fxg2 12. Bxg2 Nc6 13. Bf4 Be7 14. Bh3
Nge5 15. Kd2 O-O 16. Kc2 Bf6 17. Nd2 g6 18. Rad1 Rfd8 19. Ne4 Bg7 20. Bg5 Rxd1
21. Rxd1 h6 22. Bf6 Bxf6 23. Nxf6+ Kg7 24. Ne4 f5 25. Nd6 Rb8 26. f4 Ng4 27.
Re1 Kf6 28. Bg2 h5 29. Nxb7 Rxb7 30. Bxc6 Rc7 31. b5 h4 32. a4 h3 33. a5 h2 34.
b6 Rh7 35. bxa7 Rxa7 36. a6 Rxa6 37. Bb7 Re6 38. Rb1 Nf2 39. c6 Re2+ 40. Kb3
Re7 41. c7 Rxc7 42. Bg2 Rh7 43. Rf1 h1=Q 44. Bxh1 Nxh1 45. c4 Ng3 46. Rf3 Ne4
0-1

[Event "SR 3. liga A2 2009/2010"]
[Site "?"]
[Date "2009.10.24"]
[Round "2.5"]
[White "Pericka, Tomas"]
[Black "Zajicek, Ferdinand"]
[Result "1-0"]
[WhiteElo "1910"]
[BlackElo "1924"]
[PlyCount "37"]
[EventDate "2009.??.??"]

1. e4 e5 2. Nf3 d6 3. d4 Nd7 4. Bc4 Be7 5. Nc3 h6 6. dxe5 Nxe5 7. Nxe5 dxe5 8.
Qh5 g6 9. Qxe5 f6 10. Qb5+ c6 11. Qb3 Kd7 12. Bf4 Qf8 13. Bf7 Bd6 14. O-O-O Kc7
15. Bxd6+ Qxd6 16. Rxd6 Kxd6 17. Rd1+ Ke7 18. Bxg8 Bd7 19. Qf7+ 1-0

[Event "SR 3. liga A2 2009/2010"]
[Site "?"]
[Date "2009.10.24"]
[Round "2.6"]
[White "Kastler, Peter"]
[Black "Jozefek, Michal"]
[Result "0-1"]
[WhiteElo "1721"]
[BlackElo "1902"]
[PlyCount "128"]
[EventDate "2009.??.??"]

1. d4 Nf6 2. c4 g6 3. Nc3 Bg7 4. e4 d6 5. Bd3 O-O 6. Be3 Ng4 7. Nf3 Nxe3 8.
fxe3 c5 9. d5 Nd7 10. O-O Ne5 11. Nxe5 Bxe5 12. Rf2 Bd7 13. Rb1 a6 14. Ne2 b5
15. b4 cxb4 16. Rxb4 a5 17. Rb1 b4 18. Nd4 Qb6 19. Bf1 Qc5 20. Qd3 Rfc8 21. Rc2
Rab8 22. Qd2 Ba4 23. Rcb2 Qc7 24. Rc1 Qd7 25. Rbb1 Qg4 26. Bd3 h5 27. Qe2 Qxe2
28. Bxe2 Kg7 29. Kf2 Bxh2 30. g3 h4 31. gxh4 Be5 32. h5 Bd7 33. hxg6 fxg6 34.
Rg1 Rh8 35. Rh1 Rbf8+ 36. Kg2 Rxh1 37. Rxh1 Rh8 38. Rxh8 Kxh8 39. Bd1 Kg7 40.
Nb3 a4 41. Na5 b3 42. axb3 a3 43. b4 a2 44. Nb3 a1=Q 45. Nxa1 Bxa1 46. b5 Bc8
47. b6 Bc3 48. Bg4 Ba6 49. Bd7 Ba5 50. Bb5 Bxb5 51. b7 Bc7 52. cxb5 Kf6 53. b6
Bb8 54. Kg3 Ke5 55. Kf3 g5 56. Kg4 Kxe4 57. Kxg5 Kxd5 58. Kf5 Kc6 59. Ke6 Kxb6
60. Kxe7 Kxb7 61. Ke6 Kc6 62. e4 Kc5 63. Kf5 Kd4 64. e5 dxe5 0-1

[Event "SR 3. liga A2 2009/2010"]
[Site "?"]
[Date "2009.10.24"]
[Round "2.7"]
[White "Spacek, Oliver"]
[Black "Papanek, Lubomir"]
[Result "1-0"]
[WhiteElo "1729"]
[BlackElo "1663"]
[PlyCount "88"]
[EventDate "2009.??.??"]

1. d4 d5 2. c4 e6 3. Nc3 Nf6 4. cxd5 exd5 5. Bg5 Be7 6. e3 O-O 7. Bd3 h6 8. Bh4
Nbd7 9. Nge2 a6 10. O-O b6 11. f3 Bb7 12. e4 c5 13. e5 Ne8 14. Bxe7 Qxe7 15. f4
f6 16. Bg6 Nc7 17. exf6 Rxf6 18. f5 cxd4 19. Nxd4 Ne5 20. Re1 Qd6 21. Kh1 Nxg6
22. fxg6 Raf8 23. Nf3 Rxg6 24. Ne2 Rgf6 25. Ned4 Ne6 26. Rxe6 Rxe6 27. Nxe6
Qxe6 28. Qd4 Re8 29. h3 Qd6 30. Nd2 Qg6 31. Rf1 Re2 32. Rf2 Re1+ 33. Kh2 Qd6+
34. g3 Qc5 35. Qf4 Qe7 36. Qd4 Qe6 37. Qf4 Qe7 38. Qd4 Qe3 39. Nb3 Qe4 40. g4
Qh1+ 41. Kg3 Rg1+ 42. Kh4 g5+ 43. Kh5 Qxh3+ 44. Kg6 Qxg4 1-0

[Event "SR 3. liga A2 2009/2010"]
[Site "?"]
[Date "2009.10.24"]
[Round "2.8"]
[White "Drska, Michal"]
[Black "Skapik, Branislav"]
[Result "0-1"]
[WhiteElo "1645"]
[BlackElo "1847"]
[PlyCount "48"]
[EventDate "2009.??.??"]

1. e4 c6 2. d4 d5 3. e5 Bf5 4. Bd3 Bxd3 5. Qxd3 e6 6. Ne2 c5 7. b3 Nc6 8. Ba3
cxd4 9. Bxf8 Kxf8 10. f4 Rc8 11. a3 Nh6 12. Nd2 Nf5 13. Nf3 Ne3 14. g3 Qa5+ 15.
Kf2 Qc5 16. Rhc1 a6 17. Ra2 f6 18. Nfxd4 Nf5 19. c3 fxe5 20. fxe5 Nxe5 21. Kg2
Nxd3 22. Nxe6+ Ke7 23. Nxc5 Nxc1 24. Nxc1 Rxc5 0-1

[Event "SR 3. liga A2 2009/2010"]
[Site "?"]
[Date "2009.10.24"]
[Round "2.2"]
[White "Palka, Miroslav"]
[Black "Liptak, Tomas"]
[Result "0-1"]
[WhiteElo "1976"]
[BlackElo "2036"]
[PlyCount "70"]
[EventDate "2009.??.??"]

1. c4 Nf6 2. Nc3 g6 3. e4 d6 4. d4 Bg7 5. f3 O-O 6. Be3 Nbd7 7. Qd2 e5 8. d5
Ne8 9. Bg5 f6 10. Bh6 f5 11. Bxg7 Nxg7 12. O-O-O Nc5 13. g3 Bd7 14. Be2 a6 15.
h4 b5 16. b4 Nb7 17. cxb5 a5 18. bxa5 Rxa5 19. Nh3 Qa8 20. Rh2 Ra3 21. Bc4 Qa5
22. Bb3 fxe4 23. Nxe4 Qxb5 24. Nhg5 Na5 25. Qd3 Nxb3+ 26. axb3 Qa5 27. Rb2 Nf5
28. Qc3 Qxc3+ 29. Nxc3 Nd4 30. f4 Nxb3+ 31. Kc2 Bf5+ 32. Nge4 Nc5 33. Rb4 Nxe4
34. Nxe4 Re3 35. fxe5 Rxe4 0-1

[Event "SR 3. liga A2 2009/2010"]
[Site "?"]
[Date "2009.10.24"]
[Round "2.3"]
[White "Sarmir, Milos"]
[Black "Palka, Martin"]
[Result "1-0"]
[WhiteElo "2090"]
[BlackElo "1889"]
[PlyCount "77"]
[EventDate "2009.??.??"]

1. e4 c5 2. Nf3 d6 3. d4 cxd4 4. Nxd4 Nf6 5. Nc3 a6 6. Be2 e6 7. O-O Be7 8. Be3
O-O 9. f4 Nc6 10. Kh1 Qc7 11. Bf3 Re8 12. Nxc6 bxc6 13. Na4 Rb8 14. c4 Nd7 15.
Qc2 Nf8 16. Rad1 f5 17. exf5 exf5 18. Bd4 Ng6 19. c5 d5 20. Bh5 Qd8 21. Nb6 Rf8
22. b4 Bf6 23. Bxg6 hxg6 24. Bxf6 gxf6 25. Rde1 Rb7 26. Qe2 Rc7 27. Rf3 g5 28.
Re3 gxf4 29. Rh3 Rg7 30. Qh5 Bd7 31. Qh8+ Kf7 32. Qh6 Re8 33. Qh5+ Kf8 34. Rf1
Re3 35. Qh8+ Rg8 36. Nxd7+ Qxd7 37. Qxf6+ Ke8 38. Rxe3+ fxe3 39. Rxf5 1-0

[Event "SR 3. liga A2 2009/2010"]
[Site "?"]
[Date "2009.10.24"]
[Round "2.4"]
[White "Zisek, Jaroslav"]
[Black "Liptak, Dusan"]
[Result "0-1"]
[WhiteElo "1890"]
[BlackElo "1916"]
[PlyCount "58"]
[EventDate "2009.??.??"]

1. c4 g6 2. Nc3 e5 3. g3 Bg7 4. Bg2 Nc6 5. e4 d6 6. d3 Nge7 7. Nge2 O-O 8. O-O
Bg4 9. f3 Be6 10. h3 Qd7 11. Kh2 f5 12. Be3 Nd4 13. f4 c6 14. Qd2 Rad8 15. Rad1
a6 16. a4 $11 b5 17. axb5 axb5 18. cxb5 c5 19. b4 cxb4 20. Nd5 Bxd5 21. exd5
Nxe2 22. Qxe2 Qxb5 23. Qc2 Rc8 24. Qb1 b3 25. Rc1 Nxd5 26. Bd2 exf4 27. gxf4
Kh8 28. Bf3 Ra8 29. Rf2 b2 0-1

[Event "SR 3. liga A2 2009/2010"]
[Site "?"]
[Date "2009.10.24"]
[Round "2.5"]
[White "Vlkovic, Pavol"]
[Black "Fidericky, Milan"]
[Result "0-1"]
[WhiteElo "1930"]
[BlackElo "1852"]
[PlyCount "84"]
[EventDate "2009.??.??"]

1. e4 e5 2. Nf3 Nf6 3. Bc4 Bc5 4. d3 d6 5. h3 O-O 6. Bg5 h6 7. Bh4 Be6 8. Nbd2
Nbd7 9. O-O c6 10. a4 a5 11. c3 Qc7 12. Re1 Bxc4 13. Nxc4 Rfe8 14. Ne3 g6 15.
Nh2 Bxe3 16. Rxe3 Kg7 17. g4 d5 18. g5 hxg5 19. Bxg5 dxe4 20. dxe4 Re6 21. Ng4
Ng8 22. b4 f6 23. Rd3 Nf8 24. Bh4 axb4 25. cxb4 Re7 26. Qf3 g5 27. Bg3 Rd8 28.
Rxd8 Qxd8 29. Ne3 Rd7 30. Nf5+ Kg6 31. h4 Rd3 32. h5+ Kh7 33. Ne3 Qd6 34. Qf5+
Kh8 35. Ng4 Rxg3+ 36. fxg3 Qd4+ 37. Qf2 Qxa1+ 38. Kh2 Nh7 39. Qf5 Qb2+ 40. Kh3
Qxb4 41. Qg6 Qf8 42. Ne3 Ne7 0-1

[Event "SR 3. liga A2 2009/2010"]
[Site "?"]
[Date "2009.10.24"]
[Round "2.6"]
[White "Lanik, Miroslav"]
[Black "Markuliak, Mario"]
[Result "1/2-1/2"]
[WhiteElo "1745"]
[BlackElo "1909"]
[PlyCount "47"]
[EventDate "2009.??.??"]

1. e4 e5 2. Nf3 Nc6 3. Bb5 Nf6 4. O-O Nxe4 5. d4 Nd6 6. Bxc6 dxc6 7. dxe5 Nf5
8. Qxd8+ Kxd8 9. Rd1+ Ke8 10. Bg5 Be6 11. Nc3 h6 12. Bd2 Rd8 13. h3 Be7 14. g4
Nh4 15. Nxh4 Bxh4 16. Be3 b6 17. Rxd8+ Kxd8 18. Rd1+ Kc8 19. b3 h5 20. Rd4 Be7
21. f3 hxg4 22. hxg4 f5 23. exf6 Bxf6 24. Rd3 1/2-1/2

[Event "SR 3. liga A2 2009/2010"]
[Site "?"]
[Date "2009.10.24"]
[Round "2.7"]
[White "Hornak, Pavol"]
[Black "Havlicek, Peter"]
[Result "1/2-1/2"]
[WhiteElo "1787"]
[BlackElo "1671"]
[PlyCount "73"]
[EventDate "2009.??.??"]

1. d4 e6 2. c4 Nf6 3. Nf3 d5 4. g3 Bb4+ 5. Bd2 Bxd2+ 6. Nbxd2 O-O 7. Bg2 c6 8.
O-O Nbd7 9. Qc2 Re8 10. Rad1 Nf8 11. Ne5 Ng6 12. Nxg6 hxg6 13. e4 dxe4 14. Nxe4
Nxe4 15. Bxe4 Qf6 $11 16. f4 g5 17. Qd2 gxf4 18. Rxf4 Qh6 19. Qf2 f5 20. Bc2 g5
21. Rf3 b5 22. c5 Re7 23. Bb3 Kg7 24. Re1 Qf6 25. g4 e5 26. dxe5 Rxe5 27. Rxe5
Qxe5 28. gxf5 Kf6 29. Be6 Ba6 30. b4 Rh8 31. Rd3 Rh4 32. a3 Rg4+ 33. Rg3 Rf4
34. Rf3 Rg4+ 35. Rg3 Rf4 36. Rf3 Rg4+ 37. Rg3 1/2-1/2

[Event "SR 3. liga A2 2009/2010"]
[Site "?"]
[Date "2009.10.24"]
[Round "2.8"]
[White "Gasa, Patrik"]
[Black "Olos, Stanislav"]
[Result "1-0"]
[WhiteElo "1465"]
[BlackElo "1604"]
[PlyCount "81"]
[EventDate "2009.??.??"]

1. d4 d5 2. c4 dxc4 3. e3 c5 4. Nf3 e6 5. Nc3 Nf6 6. Bxc4 a6 7. O-O b5 8. Bd3
Bb7 9. a3 Nbd7 10. e4 cxd4 11. Nxd4 Ne5 12. Bc2 Bc5 13. Nb3 Bb6 14. Qe2 Nfg4
15. h3 Nf6 16. Bf4 Ng6 17. Rfd1 Qc8 18. Be3 Bxe3 19. Qxe3 Ne5 20. Bd3 Nxd3 21.
Rxd3 O-O 22. Rad1 Qc7 23. Nc5 Rac8 24. Nxb7 Qxb7 25. e5 Nd5 26. Nxd5 exd5 27.
Rxd5 Qc6 28. Rd6 Qa8 29. e6 fxe6 30. Qxe6+ Kh8 31. Rd7 Rf6 32. Qe7 Rg8 33. Rd8
Rf7 34. Rxa8 Rxe7 35. Rdd8 h6 36. Rxg8+ Kh7 37. Rge8 Rc7 38. Rxa6 Rc1+ 39. Kh2
Rc2 40. b4 Rxf2 41. Re5 1-0

[Event "SR 3. liga A2 2009/2010"]
[Site "?"]
[Date "2009.10.24"]
[Round "2.1"]
[White "Halas, Miroslav"]
[Black "Kapusta, Petr"]
[Result "0-1"]
[WhiteElo "1939"]
[BlackElo "2135"]
[PlyCount "132"]
[EventDate "2009.??.??"]

1. e4 c5 2. Nf3 d6 3. d4 cxd4 4. Nxd4 Nf6 5. Nc3 a6 6. Be2 e5 7. Nb3 Be7 8. Be3
Be6 9. O-O O-O 10. Kh1 Nbd7 11. f4 exf4 12. Bxf4 Ne5 13. Nd4 Qb6 14. Nxe6 fxe6
15. Bxe5 dxe5 16. Bc4 Bb4 17. Bd3 Bxc3 18. bxc3 Qc6 19. Qe1 b5 20. Rf3 Rac8 21.
Qh4 Qxc3 22. Raf1 Qc6 23. Rh3 h6 24. Rhf3 Nh7 25. Qe7 Rxf3 26. Rxf3 Rf8 27.
Rxf8+ Nxf8 28. Qb4 $11 Qb6 29. a4 Qd4 30. Qxd4 exd4 31. axb5 axb5 32. Bxb5 Kf7
33. g3 Kf6 34. Kg2 Ke5 35. Kf3 Nh7 36. h4 g5 37. hxg5 Nxg5+ 38. Kg4 Nxe4 39.
Bd3 Nf6+ 40. Kf3 Nd5 41. Kg4 Nf6+ 42. Kf3 Ne8 43. Kg4 Kf6 44. Kh5 Kg7 45. Kg4
Nd6 46. Kf4 Kf6 47. Kg4 e5 48. Kf3 Ke6 49. Bh7 Kd5 50. Bg8+ Kc5 51. Bh7 Kb4 52.
Bg6 Kc3 53. Bd3 Nb7 54. Be4 Nc5 55. Bf5 Kd2 56. Bg6 Kc3 57. Bf5 Nb7 58. Be4 Nd6
59. Bd3 Kb4 60. Bg6 Kc4 61. Bh7 Kc5 62. Bg6 Kd5 63. Bd3 e4+ 64. Kg4 exd3 65.
cxd3 Nf7 66. Kf5 Ne5 0-1